Módulo Educación Ambiental para la participación en la gestión integral del riesgo (Registro nro. 8205)

Detalles MARC
000 -CABECERA
Campo de control 00956nam a22002657a 4500
005 - FECHA Y HORA DE LA ULTIMA TRANSACCION
Campo de control 20200104041624.0
008 - ELEMENTOS DE LONGITUD FIJA—INFORMACION GENERAL
Campo de control 130726s2012 ck a gr 00010 spa d
020 ## - ISBN
ISBN 9789588491646
041 0# - IDIOMA
Código de idioma para texto/pista de sonido o título separado Español
044 ## - PAÍS DE PUBLICACIÓN
País de publicación Colombia
082 04 - NUMERO DE CLASIFICACION DECIMAL DEWEY
Número de clasificación 370
Número del ítem C75m3
245 10 - MENCION DE TITULO
Título Módulo Educación Ambiental para la participación en la gestión integral del riesgo
260 ## - PUBLICACION, DISTRIBUCION, ETC. (PIE DE IMPRENTA)
Lugar de publicación, distribución, etc. Bogotá
Nombre del editor, distribuidor, etc. Ministerio de Ambiente y Desarrollo Sostenible
Fecha de publicación, distribución, etc. 2012
300 ## - DESCRIPCION FISICA
Extensión 72 p. :
Otros detalles físicos il. ;
Dimensiones 28 cm.
500 ## - NOTA GENERAL
Nota general Diplomado Gestión Ambiental del Riesgo - 2012
500 ## - NOTA GENERAL
Nota general Glosario : p. 66-72.
504 ## - NOTA DE BIBLIOGRAFIA, ETC.
Nota de bibliografía Incluye bibliografía.
650 #4 - ASIENTO SECUNDARIO DE MATERIA - TERMINO TEMATICO
Término temático o nombre geográfico como elemento de entrada Evaluación de riesgos ambientales
650 #4 - ASIENTO SECUNDARIO DE MATERIA - TERMINO TEMATICO
Término temático o nombre geográfico como elemento de entrada Desastres naturales
Subdivisión general Administración.
650 #4 - ASIENTO SECUNDARIO DE MATERIA - TERMINO TEMATICO
Término temático o nombre geográfico como elemento de entrada Educación ambiental.
650 #4 - ASIENTO SECUNDARIO DE MATERIA - TERMINO TEMATICO
Término temático o nombre geográfico como elemento de entrada Desastres naturales
Subdivisión general Prevención
-- Monitoreo
700 10 - ASIENTO SECUNDARIO - NOMBRE PERSONAL
Nombre personal Jiménez-Patiño, Luz Adriana
700 10 - ASIENTO SECUNDARIO - NOMBRE PERSONAL
Nombre personal Martinez-Ch,César Augusto
942 ## - ELEMENTOS ADICIONALES (KOHA)
Sistema de clasificación Dewey Decimal Classification
Tipo de ítem Impreso
Koha issues (borrowed), all copies 2
Existencias
Withdrawn status Lost status Sistema de Clasificación Damaged status No para préstamo Colección Inventariado Ubicación Permanente Ubicación actual Fecha de adquisición Fuente de Valor Valor Total Checkouts Número topográfico Inventario / Código de Barras Date last seen Date checked out Ejemplar Price effective from Forma de adquisición Tipo de material
    Dewey Decimal Classification     General Inventariado 2017 Sala Fabio Quevedo Sala Fabio Quevedo 03/03/2014 Instituto 39000.00 2 LB-370 C75m3 059704 04/07/2014 19/05/2014 Ej. 1 03/03/2014 Canje Libro